01684nam a22003857i 4500003000900000005001700009008004100026040003800067082002800105092000700133099003700140100002200177245018100199264002700380300002300407336002400430337002800454338004300482490004500525504001900570546002400589650006400613700003600677700002500713700002300738700002300761700002500784700002700809856005700836905000700893942001900900999001700919952018100936952018101117EG-GICUC20260121101651.0260106s1929 fr ||||fr||| 00|10 ffre d aEG-GiCUCcEG-GiCUCdEG-GiCUCeRda04221a341.3304009bAN . H04221 aLaw1 11 341.3304009 AN . H 19291 aAncel, J.eAuteur10aHistoire Diplomatique De L’europe, 1871-1914 /cPubliée Sous La Direction De M. Henri Hauser ; Par Mm. J. Angel, L. Cahen, R. Guyot, A. Lajusan, P. Renouvin, Et H. Salomon. 1aParis :bP.U.F,c1929. a389 page ;c24 cm. 2rda contenua texte 2rda mediasaOrdinateur 2 transporteur rdaa Ressource en ligne0 aManuel De Politique EuropéennevTome 2 aIncludes index aTexte en français14aDiplomatie - HistoiréxDroit international publiczEurope1 aHauser, M. Henri eContributeur1 aSalomon, H. eAuteur1 aCahen, L. eAuteur1 aGuyot, R. eAuteur1 aLajusan, A. eAuteur1 aRenouvin, P. eAuteur40uhttps://fll.law.cu.edu.eg/fulltext/bks/B11-06831.pdf a75 2ddccBKe21n0 c54760d54760 00102ddc40718القانون الدولي العامaCUbLAW1d2026-01-06l0oLaw1 11 341.3304009 AN . H 1929 1106841 C1pB11-06841r2026-01-06 08:49:32t1w2026-01-06yBK 00102ddc40708القانون الدولي العامaCUbLAW1d2026-01-06l0oLaw1 11 341.3304009 AN . H 1929 1106843 C2pB11-06843r2026-01-06 09:23:24t2w2026-01-06yBK